Místopis a historie chebských bank

Titel: Místopis a historie chebských bank
Verfasser:
In: Muzeum Cheb: Sborník Chébskeho Muzea, (1999), Seite 30-42
alle Artikel anzeigen
Veröffentlicht: 1999 [vyd. 2000]
Format: Aufsatz
Sprache: Tschechisch
Kein Bild verfügbar
X
alg: 39306564
001A    $01999:11-11-16 
001B    $01999:28-04-17 $t15:30:59.000 
001C    $06050:19-11-16 $t22:36:47.000 
001D    $01999:11-11-16 
001U    $0utf8 
001X    $00 
002@    $0Aox 
003@    $0393065642 
007A    $0393065642 $aHEB 
007T    $0Herdp21259 
010@    $acze 
011@    $a1999 $n1999 [vyd. 2000] 
021A    $aMístopis a historie chebských bank 
028A    $aKlabeček $dKarel 
031A    $h30-42 $j1999 
037A    $aRés. něm. s. 41-42: Topographie und Geschichte der Egerer Geldinstitute 
039B    $aIn $8--Abvc--Muzeum Cheb [Tb1]. Sborník Chébskeho Muzea. - Cheb : Muzeum, 1993-2006. - ISSN 1211-9210 $x199900000000000970 $9070513341 
045T    $a9,10 $a7,41 

lok: 39306564 78

exp: 39306564 78 1 #EPN
201B/01 $026-11-17 $t01:38:20.000 
201U/01 $0utf8 
203@/01 $0789175959 
208@/01 $a11-11-16 $be 
209A/01 $a/ $f000 $x00 
220C/01 $aHerkunft: Hú Av Čr Praha 
244Z/01 $#Tschechien $#Tschechische Republik $#Tschechische Republik $#Tschechenland $#Tschechei Tschechien $#Česká Republika $#Czech Republic $#ČR $74303381-7 $8--Tg1--Tschechien $x01 $9086659812 
244Z/01 $2Trx $#Böhmen $#Bohemia $#Czechy $8--Trx--Čechy $x02 $9391188941 
244Z/01 $#Cheb $#Egra $#Egrae $#Egire $#Oegra $#Cheb $#Eger Böhmen $#Egra Böhmen $#Agria Böhmen $#Eger Egerland $74013597-4 $8--Tg1--Eger$gKraj Karlsbad $x03 $9085029971 
244Z/01 $aGeschichte 1876-2000 $x04 
244Z/01 $2Trx $#pangad $#bankai $#banks $#bankok $#banki $#banky $#banky $8--Trx--Banken $x05 $9391359185 
244Z/01 $2Trx $8--Trx--Zeitschriftenaufsatz $x06 $9391384341 
247C/01 $82080>Marburg/Lahn, Herder-Institut, Forschungsbibliothek, Bibliographieportal $9336309341
LEADER 00000caa a22000002c 4500
001 393065642
003 DE-603
005 20170428153059.0
007 tu
008 161111s1999 xx |||| | u00||u|cze c
035 |a (DE-599)HEB393065642 
040 |a DE-603  |b ger  |c DE-603  |d DE-603 
041 |a cze 
084 |a 9,10  |a 7,41  |2 ssgn 
100 1 |a Klabeček, Karel 
245 0 0 |a Místopis a historie chebských bank 
264 0 |c 1999 [vyd. 2000] 
500 |a Rés. něm. s. 41-42: Topographie und Geschichte der Egerer Geldinstitute 
773 0 8 |i In  |a Muzeum Cheb  |t Sborník Chébskeho Muzea  |d Cheb : Muzeum, 1993-2006  |x 1211-9210  |g (1999), Seite 30-42  |w (DE-603)070513341  |w (DE-600)1353473-7 
924 0 |9 2080  |a (DE-603)789175959  |b DE-2080  |c HES  |d d  |g /